Statistics for NBA Nicknames

Click here to take the quiz!

General Stats

  • This quiz has been taken 40 times
  • The average score is 12 of 17

Answer Stats

NicknamePlayer% Correct
Greek FreakGiannis Antetokounmpo
92%
Dr JJulius Erving
92%
Black MambaKobe Bryant
92%
The BeardJames Harden
89%
The MailmanKarl Malone
81%
Pistol PetePete Maravich
81%
Clyde the GlideClyde Drexler
78%
The ClawKawhi Leonard
78%
The WormDennis Rodman
69%
Slim ReaperKevin Durant
67%
The GloveGary Payton
64%
The Hick from French LickLarry Bird
64%
BoogieDemarcus Cousins
61%
Great WallYao Ming
61%
The French RejectionRudy Gobert
39%
The Big DipperWilt Chamberlain
28%
TimelordRobert Williams III
17%

Score Distribution

Percentile by Number Answered

Percent of People with Each Score

Your Score History

You have not taken this quiz